LEADER 02739nam 2200469 450 001 9910714994703321 005 20221026082255.0 035 $a(CKB)2670000000429630 035 $a(NjHacI)992670000000429630 035 $a(OCoLC)840048376 035 $a(EXLCZ)992670000000429630 100 $a20221026d2012 uy 0 101 0 $aeng 135 $aur||||||||||| 181 $ctxt$2rdacontent 182 $cc$2rdamedia 183 $acr$2rdacarrier 200 10$aClosing the quality gap$hVolume 1$iBundled payment : effects on health care spending and quality $erevisiting the state of the science /$fPeter S. Hussey [and four others] 210 1$aRockville, Maryland :$cAgency for Healthcare Research and Quality (US),$d[2012] 210 4$dİ2012 215 $a1 online resource (vi, 82 pages) $cillustrations 225 1 $aEvidence Reports/Technology Assessments ;$vNumber 208.1 300 $a"August 2012"--Volumes 1, 3. 300 $a"July 2012"--Volumes 2, 5. 300 $a"September 2012"--Volume 4. 300 $a"November 2012"--Volume 6. 300 $a"October 2012"--Volumes 7, 8. 320 $aIncludes bibliographical references. 327 $aVol. 1. Bundled payment: effects on health care spending and quality / investigators, Peter S. Hussey, Andrew W. Mulcahy, Christopher Schnyer, Eric C. Schneider -- vol. 2. The patient-centered medical home / investigators, John W. Williams [and eleven others] -- vol. 3. Quality improvement interventions to address health disparities / investigators, Melissa L. McPheeters [and six others] -- vol. 4. Medication adherence interventions: comparative effectiveness / investigators, Meera Viswanathan [and eleven others] -- vol. 5. Public reporting as a quality improvement strategy / investigators, Annette M. Totten [and five others] -- vol. 6. Prevention of healthcare-asssociated infections / investigators, Barbara Mauger Rothenberg [and five others] -- vol. 7. Quality improvement measurement of outcomes for people with disabilities / investigators, Mary Butler, Robert L. Kane, Sheryl Larson, Molly Moore Jeffery, Mike Grove -- vol. 8. Improving health care and palliative care for advanced and serious illness / investigators, Sydney M. Dy [and eight others]. 410 0$aEvidence report/technology assessment ;$vNumber 208.1. 517 $aClosing the quality gap 606 $aMedical care, Cost of 615 0$aMedical care, Cost of. 676 $a338.433621 700 $aHussey$b Peter S.$01266570 712 02$aUnited States.$bAgency for Healthcare Research and Quality, 801 0$bNjHacI 801 1$bNjHacl 906 $aBOOK 912 $a9910714994703321 996 $aClosing the quality gap$93309490 997 $aUNINA LEADER 05009nam 2201117 450 001 9910786616003321 005 20230803203707.0 010 $a0-520-95822-5 024 7 $a10.1525/9780520958227 035 $a(CKB)3710000000186158 035 $a(EBL)1711003 035 $a(SSID)ssj0001267784 035 $a(PQKBManifestationID)11680667 035 $a(PQKBTitleCode)TC0001267784 035 $a(PQKBWorkID)11264647 035 $a(PQKB)11215965 035 $a(MiAaPQ)EBC1711003 035 $a(OCoLC)884013695 035 $a(MdBmJHUP)muse37628 035 $a(DE-B1597)519191 035 $a(OCoLC)898157339 035 $a(DE-B1597)9780520958227 035 $a(Au-PeEL)EBL1711003 035 $a(CaPaEBR)ebr10894663 035 $a(CaONFJC)MIL627643 035 $a(EXLCZ)993710000000186158 100 $a20140722h20142014 uy 0 101 0 $aeng 135 $aur|nu---|u||u 181 $ctxt 182 $cc 183 $acr 200 00$aProfane $esacrilegious expression in a multicultural age /$fedited by Christopher S. Grenda, Chris Beneke, David Nash ; foreword by Martin E. Marty 210 1$aOakland, California :$cUniversity of California Press,$d2014. 210 4$dİ2014 215 $a1 online resource (365 p.) 300 $aIncludes index. 311 $a0-520-27722-8 320 $aIncludes bibliographical references and index. 327 $tFront matter --$tContents --$tIllustrations --$tForeword --$tIntroduction: On the Modern Confluence of Blasphemy, Free Expression, and Hate Speech --$t1. Thick-Skinned Tolerance: Satire, the Sacred, and the Rise of the Modern --$t2. The Productive Obscene: Philip Roth and the Profanity Loop --$t3. Defaced: The Art of Blaspheming Texts and Images in the West --$t4. Blasphemy and Free Thought in Jacksonian America: The Case of Abner Kneeland --$t5. Secular Blasphemies: Symbolic Offense in Modern Democracy --$t6. Muslim Political Theology: Defamation, Apostasy, and Anathema --$t7. Protesting Sacrilege: Blasphemy and Violence in Muslim-Majority States --$t8. The Indonesian Blasphemy Act: A Legal and Social Analysis --$t9. Profound Offense and Religion in Secular Democracies: An Australian Perspective --$t10. Blasphemy versus Incitement: An International Law Perspective --$tAfterword: Blasphemy beyond Modernism --$tContributors --$tIndex 330 $aHumans have been uttering profane words and incurring the consequences for millennia. But contemporary events-from the violence in 2006 that followed Danish newspaper cartoons depicting the Prophet Mohammed to the 2012 furor over the Innocence of Muslims video-indicate that controversy concerning blasphemy has reemerged in explosive transnational form. In an age when electronic media transmit offense as rapidly as profane images and texts can be produced, blasphemy is bracingly relevant again. In this volume, a distinguished cast of international scholars examines the profound difficulties blasphemy raises for modern societies. Contributors examine how the sacred is formed and maintained, how sacrilegious expression is conceived and regulated, and how the resulting conflicts resist easy adjudication. Their studies range across art, history, politics, law, literature, and theology. Because of the global nature of the problem, the volume's approach is comparative, examining blasphemy across cultural and geopolitical boundaries. 606 $aBlasphemy 606 $aSwearing 610 $aapostasy. 610 $aart. 610 $ablasphemy. 610 $acultural studies. 610 $adanish newspaper cartoons. 610 $adefamation. 610 $adigital media. 610 $aelectronic media. 610 $ageopolitical studies. 610 $ahistory. 610 $ahuman rights. 610 $ainterdisciplinary. 610 $ainternational law. 610 $aislam. 610 $ajacksonian america. 610 $alaw. 610 $aliterature. 610 $amuslim. 610 $aphilip roth. 610 $apolitical history. 610 $apolitical theology. 610 $apolitics. 610 $apornography. 610 $aprofane images. 610 $aprofane texts. 610 $aprofanity. 610 $aprophet mohammed. 610 $areligion. 610 $asacred texts. 610 $asacred. 610 $asacrilege. 610 $asacrilegious expression. 610 $asatire. 610 $asecular democracies. 610 $asociology. 610 $atheology. 610 $atransnational. 610 $aviolence. 615 0$aBlasphemy. 615 0$aSwearing. 676 $a179/.5 686 $aPOL010000$aSOC039000$2bisacsh 702 $aGrenda$b Christopher S. 702 $aBeneke$b Chris 702 $aNash$b David 702 $aMarty$b Martin E. 801 0$bMiAaPQ 801 1$bMiAaPQ 801 2$bMiAaPQ 906 $aBOOK 912 $a9910786616003321 996 $aProfane$93861708 997 $aUNINA LEADER 04051oam 22006734a 450 001 9910781493503321 005 20221013233400.0 010 $a1-57506-524-X 024 7 $a10.1515/9781575065243 035 $a(CKB)2550000000040505 035 $a(SSID)ssj0000644697 035 $a(PQKBManifestationID)12246106 035 $a(PQKBTitleCode)TC0000644697 035 $a(PQKBWorkID)10680161 035 $a(PQKB)10070731 035 $a(Au-PeEL)EBL3155563 035 $a(CaPaEBR)ebr10483411 035 $a(OCoLC)922991652 035 $a(DE-B1597)584611 035 $a(DE-B1597)9781575065243 035 $a(OCoLC)1273427893 035 $a(MdBmJHUP)musev2_80889 035 $a(MiAaPQ)EBC3155563 035 $a(OCoLC)1262308044 035 $a(EXLCZ)992550000000040505 100 $a20010822d2001 uy 0 101 0 $aeng 135 $aurcn||||||||| 181 $ctxt 182 $cc 183 $acr 200 10$aAdapa and the South Wind$eLanguage Has the Power of Life and Death /$fShlomo Izre'el 210 1$aWinona Lake, IN :$cEisenbrauns,$d2001. 210 4$dİ2001. 215 $axii, 182 p. $cill 225 0 $aMesopotamian civilizations ;$v10 300 $aBibliographic Level Mode of Issuance: Monograph 311 $a1-57506-048-5 320 $aIncludes bibliographical references (p. 151-172). 327 $tFrontmatter --$tContents --$tPreface --$tAbbreviations --$tIntroduction --$tChapter 1 Texts and Fragments --$tChapter 2 Dating and Compositional Factors --$tChapter 3 The Myth as Poetry --$tChapter 4 Language Has the Power of Life and Death: Structure and Meaning --$tBibliography --$tPlates 330 $aThe scholarly world first became aware of the myth of Adapa and the South Wind when it was discovered on a tablet from the El-Amarna archive in 1887. We now have at our disposal six fragments of the myth. The largest and most important fragment, from Amarna, is dated to the 14th century B.C.E. This fragment of the Adapa myth has red-tinted points applied on the tablet at specific intervals. Izre?el draws attention to a few of these points that were missed in previous publications by Knudtzon and Schroeder. Five other fragments were part of the Assurbanipal library and are representative of this myth as it was known in Assyria about seven centuries later.The discovery of the myth of Adapa and the South Wind immediately attracted wide attention. Its ideology and its correspondence to the intellectual heritage of Western religions precipitated flourishing studies of this myth, both philological and substantive. Many translations have appeared during the past century, shedding light on various aspects of the myth and its characters. Izre?el unveils the myth of Adapa and the South Wind as mythos, as story. To do this, he analyzes the underlying concepts through extensive treatment of form. He offers an edition of the extant fragments of the myth, including the transliterated Akkadian text, a translation, and a philological commentary. The analysis of poetic form that follows leads to understanding the myth as a piece of literature and to uncovering its meanings. This study therefore marks a new phase in the long, extensive research into this Mesopotamian myth. 410 0$aMesopotamian civilizations ;$v10. 606 $aAssyro-Babylonian poetry$2fast$3(OCoLC)fst00819253 606 $aAdapa (Assyro-Babylonian mythology)$2fast$3(OCoLC)fst00796463 606 $aAdapa (Assyro-Babylonian mythology) 606 $aAssyro-Babylonian poetry$xHistory and criticism 608 $aCriticism, interpretation, etc. 615 7$aAssyro-Babylonian poetry. 615 7$aAdapa (Assyro-Babylonian mythology) 615 7$aAdapa (Assyro-Babylonian mythology) 615 7$aAssyro-Babylonian poetry$xHistory and criticism. 676 $a299/.21 700 $aIzre'el$b Shlomo$0645823 801 0$bMdBmJHUP 801 1$bMdBmJHUP 906 $aBOOK 912 $a9910781493503321 996 $aAdapa and the South Wind$93792127 997 $aUNINA